Statistics for Largest Cities that Drive on the Left

Click here to take the quiz!

General Stats

  • This quiz has been taken 46 times
  • The average score is 12 of 15

Answer Stats

PopulationCity% Correct
39,900,000Tokyo
96%
14,600,000London
93%
28,400,000Delhi
91%
24,200,000Mumbai
91%
17,700,000Osaka
91%
16,400,000Kolkata
85%
18,800,000Dhaka
78%
30,300,000Jakarta
78%
16,900,000Karachi
78%
11,500,000Bengaluru
72%
12,200,000Lahore
72%
10,700,000Chennai
65%
13,400,000Johannesburg
65%
18,400,000Bangkok
59%
10,500,000Nagoya
54%

Score Distribution

Percentile by Number Answered

Percent of People with Each Score

Your Score History

You have not taken this quiz